000 01008njm a22002657a 4500
005 2010092207037.0
006 a|||||r|||||00| 0
007 sd ammalaaahaa
008 100901t xxu||||| |||| 00| 0 eng d
028 _aEALP. 1365
_bEMI
035 _aGR-02956
040 _aSED
_cSED
100 _917891
_aFaiyaz Khan Sahib
245 _aRaga bhankar :
_cby Faiyaz Khan Sahib
_h[Sound recording]
_bkhayal /
246 _aराग भानकर / फैयाज़ खान साहिब द्वारा
260 _aDum Dum, India
_bEMI
_c1971
300 _a1 Sound disc [Gramophone Recording] :
_banalog, 33 1/3 rpm
_c12 in. (LP)
_fGramophone Record
500 _aBrief record
500 _aRecord Labels : EMI, Red
505 _aSide-2 (Raga des-alap hori-dhamar) (Faiyaz Khan Sahib)
600 _aFaiyaz Khan Sahib
_921057
650 _aClassical music
_xExcerpts
_zIndia
_917892
942 _2ddc
_cGR
999 _c47499
_d47499